Statistics for Every F1 main driver

Click here to take the quiz!

General Stats

  • This quiz has been taken 57 times
  • The average score is 8 of 9

Answer Stats

HintAnswer% Correct
MercedesHamilton
98%
Red bullVerstappen
98%
FerrariCharles Leclerc
96%
AlpineFernando Alonso
96%
HaasKevin Mag
96%
MclarenRicciardo
94%
Alfa RomeoValtierri Bottas
94%
AlphatauriPierre gasly
90%
WilliamsNicholas Latifi
88%

Score Distribution

Percentile by Number Answered

Percent of People with Each Score

Your Score History

You have not taken this quiz